00825nam a2200205 a 4500008004100000020001800041050001500059100002000074245010100094260004300195300003200238350001000270650001500280650002100295650003500316700001900351995010100370999001700471952013100488210520s2013 ||||||||||||||||| || u a9781849290937 aJS 113 New aMcKinlay, Peter10aNew century local government: Commonwealth perspectivescEdited by Graham Sansom; Peter McKinlay aLondonbCommonwealth Secretariatc2013 ax, 239 pages: illustrations a90.06 aGOVERNMENT aLOCAL GOVERNMENT aDECENTRALIZATION IN GOVERNMENT aSansom, Graham FCBU-MAIN LIBRARY (Kitwe)I90.06M1UAVAILABLEWMay 21, 2021ZMain Library Open Access Collection c52098d52098 00102lcc4070a001b001cMain Library Open Access Collectiond2022-11-30l0oJS 113 Newp751096r2022-11-30w2022-11-30y002